Regiony Prus wschodnich - Statystyki

Ogólne statystyki
  • Ten quiz został rozwiązany 13 razy
  • Średni wynik to 3 z 6
Statystyki odpowiedzi
Teraz Region % Poprawnych
Polska Mazury
100%
Polska Warmia
90%
Rosja Sambia
30%
Rosja i Polska Prusy dolne
20%
Polska Prusy górne
20%
Rosja Litwa pruska
10%
Nie znaleziono quizów pasujących do podanych kryteriów
Rozkład punktacji
Procent ludzi z każdym wynikiem
Percentyl według liczby udzielonych odpowiedzi
Twoja historia wyników
Nie rozwiązałeś tego quizu